Világgazdaság, kelet-nyugati kapcsolatok, Magyar és Amerikai gazdaság <a> mechanizmus és a szerkezeti alkalmazkodás problémái

Gespeichert in:
Bibliographische Detailangaben
Format: Buch
Sprache:Ungarisch
Veröffentlicht: Budapest Világgazdasági tudományos tanács 1982
Schriftenreihe:Irányzatok a világgazdaságban 36
Tags: Tag hinzufügen
Keine Tags, Fügen Sie das erste Tag hinzu!

MARC

LEADER 00000nam a2200000 4500
001 c138660
005 20041019155313.7
041 0 |a hun 
044 |a HU 
245 1 0 |a Világgazdaság, kelet-nyugati kapcsolatok, Magyar és Amerikai gazdaság  |b <a> mechanizmus és a szerkezeti alkalmazkodás problémái 
264 1 |a Budapest  |b Világgazdasági tudományos tanács  |c 1982 
300 |a 479 s. 
490 1 |a Irányzatok a világgazdaságban  |v 36 
830 0 |a Irányzatok a világgazdaságban  |v 36